书目信息 |
| 题名: |
软X射线与极紫外辐射的原理和应用
|
|
| 作者: | 阿特伍德 , 阿特伍德 著 ;张杰 译 | |
| 分册: | ||
| 出版信息: | 北京 科技出版社 2003.9 |
|
| 页数: | 458页 | |
| 开本: | 24cm | |
| 丛书名: | ||
| 单 册: | ||
| 中图分类: | O434 | |
| 科图分类: | ||
| 主题词: | X射线--研究 , 紫外辐射--研究 | |
| 电子资源: | ||
| ISBN: | 7-03-010813-2 | |
| 000 | 00922nam0 2200265 45 | |
| 001 | 012004000000 | |
| 005 | 20050113150129.63 | |
| 010 | @a7-03-010813-2@dCNY 59.00 | |
| 100 | @a20040421d2003 em y0chiy0121 ea | |
| 101 | 1 | @achi@ceng |
| 102 | @aCN@b110000 | |
| 105 | @aak z 000yy | |
| 200 | 1 | @a软X射线与极紫外辐射的原理和应用@Aruan X she xian yu ji zi wai fu she de yuan li he ying yong@f(美)阿特伍德著@F(mei)a te wu de zhu@g张杰等译@zeng |
| 210 | @a北京@c科技出版社@d2003.9 | |
| 215 | @a458页@c图, 表格@d24cm | |
| 320 | @a本书含附录和参考文献 | |
| 330 | @a本书内容: 引言; 极紫外和软X射线波段的辐射和散射; 极紫外和软X射线波段电磁波的传播和折射率...... | |
| 606 | 0 | @aX射线@x研究 |
| 606 | 0 | @a紫外辐射@x研究 |
| 690 | @aO434@v4 | |
| 701 | 1 | @a阿特伍德@Aa te wu de@bD.@4著 |
| 701 | 0 | @a阿特伍德@Aa te wu de@4著 |
| 702 | 0 | @a张杰@Azhang jie@4译 |
| 801 | 0 | @aCN@bQSSKczj@c20050113 |
| 905 | @a10447@dO434@eA190 | |
| 软X射线与极紫外辐射的原理和应用/(美)阿特伍德著/张杰等译.-北京:科技出版社,2003.9 |
| 458页:图, 表格;24cm |
| ISBN 7-03-010813-2:CNY 59.00 |
| 本书内容: 引言; 极紫外和软X射线波段的辐射和散射; 极紫外和软X射线波段电磁波的传播和折射率...... |
| ● |
| 相关链接 |
|
|
|
正题名:软X射线与极紫外辐射的原理和应用
索取号:O434/A190
 
预约/预借
| 序号 | 登录号 | 条形码 | 馆藏地/架位号 | 状态 | 备注 |
| 1 | 437000 | 204370000 | 自科库401/401自科库 58排2列1层/ [索取号:O434/A190] | 在馆 | |
| 2 | 437001 | 204370019 | 自科库401/401自科库 58排2列1层/ [索取号:O434/A190] | 在馆 | |
| 3 | 437002 | 204370028 | 自科库401/401自科库 58排2列1层/ [索取号:O434/A190] | 在馆 |